बैंककारी विधि एवं परक्राम्य लिखित अधिनियम/ (Record no. 78267)
[ view plain ]
| 000 -LEADER | |
|---|---|
| fixed length control field | 01048nam a22002417a 4500 |
| 005 - DATE AND TIME OF LATEST TRANSACTION | |
| control field | 20130731153537.0 |
| 008 - FIXED-LENGTH DATA ELEMENTS--GENERAL INFORMATION | |
| fixed length control field | 130731b xxu||||| |||| 00| 0 eng d |
| 010 ## - LCCN (DPL NO) | |
| LC control number | B-524271 |
| 020 ## - INTERNATIONAL STANDARD BOOK NUMBER | |
| Terms of availability | 350.00 |
| International Standard Book Number | 9350281791 |
| 020 ## - INTERNATIONAL STANDARD BOOK NUMBER | |
| International Standard Book Number | 9789350281796 |
| 035 ## - SYSTEM CONTROL NUMBER | |
| System control number | B-524271 |
| 037 ## - SOURCE OF ACQUISITION | |
| Source of stock number/acquisition | UBH |
| 040 ## - CATALOGING SOURCE | |
| Original cataloging agency | DPL |
| Language of cataloging | hn |
| 082 ## - DEWEY DECIMAL CLASSIFICATION NUMBER | |
| Classification number | 346.54082 |
| 100 ## - MAIN ENTRY--PERSONAL NAME | |
| Personal name | अवतार सिंह |
| 9 (RLIN) | 25423 |
| 245 ## - TITLE STATEMENT | |
| Title | बैंककारी विधि एवं परक्राम्य लिखित अधिनियम/ |
| Statement of responsibility, etc | by अवतार सिंह |
| 250 ## - EDITION STATEMENT | |
| Edition statement | 6ठा संस्क |
| 260 ## - PUBLICATION, DISTRIBUTION, ETC. (IMPRINT) | |
| Place of publication, distribution, etc | लखनऊ |
| Name of publisher, distributor, etc | ईस्टर्न बुक कम्पनी |
| Date of publication, distribution, etc | 2011 |
| 270 ## - ADDRESS | |
| Address | 34, Lalbagh, |
| City | Lucknow |
| Postal code | 226001 |
| 300 ## - PHYSICAL DESCRIPTION | |
| Extent | xxxix,416पृ.: |
| Dimensions | 23सेमी (अजिल्द) |
| 942 ## - ADDED ENTRY ELEMENTS (KOHA) | |
| Source of classification or shelving scheme | Dewey Decimal Classification |
| Item type | Hindi Books |
| Call number suffix | अवता |
| Classification part | 346.54082 |
| Withdrawn status | Lost status | Source of classification or shelving scheme | Damaged status | Not for loan | Collection code | Home library | Current library | Date acquired | Source of acquisition | Total Checkouts | Full call number | Barcode | Date last seen | Copy number | Cost, replacement price | Koha item type |
|---|---|---|---|---|---|---|---|---|---|---|---|---|---|---|---|---|
| Dewey Decimal Classification | Non-fiction | Sarojini Nagar | Sarojini Nagar | 31/07/2013 | UBH/042/29.6.13/DPL/ZLS/RP/2013-14/1/156&2/262 dt 15.5.13 & 24.6.13 | 346.54082 अवता | B-524271 | 31/07/2013 | 1 | 350.00 | Hindi Books |
